Szczegóły MARC21

Zajęcia praktyczne w zakresie kultury życia codziennego w szkole powszechnej : pierwszy szczebel programu /

003 -Nazwa inst., której nr kontr. jest w polu 001 [,]
    • @
    • Nazwa instytucji, której n kontrolny jest w polu 001
    • NUKAT
005 -DATA I CZAS OSTATNIEJ MODYFIKACJI [,]
    • @
    • pole kontrolne
    • 20241231113518.0
040 -Instytucja sporządzająca opis [ , ]
    • a
    • Instytucja, która sporządziła opis (NP)
    • GD U/as
    • c
    • Instytucja, która sporządziła rekord (NP)
    • GD U/as
    • d
    • Instytucja, która zmodyfikowała rekord (P)
    • GD U/as
    • d
    • Instytucja, która zmodyfikowała rekord (P)
    • GD U/BDs
    • d
    • Instytucja, która zmodyfikowała rekord (P)
    • KR 119/ara
942 -Rodzaj dokumentu [ , ]
    • c
    • Rodzaj dokumentu
    • Książka
100 -Hasło główne - nazwa osobowa [1, ]
    • a
    • Nazwa osobowa (NP)
    • Hoszowska, Władysława
    • d
    • Daty biograficzne (NP)
    • (1893-1970).
    • 9
    • KHW
    • 59074
245 -Strefa tytułu i oznaczenia odpowiedzialności [1,0]
    • a
    • Tytuł
    • Zajęcia praktyczne w zakresie kultury życia codziennego w szkole powszechnej : Find
    • b
    • Ciąg dalszy tytułu (NP)
    • pierwszy szczebel programu / Find
    • c
    • Pozostałe elementy strefy tytułu i oznaczenia odpowiedzialności (NP)
    • Wł. Hoszowska.
260 -Strefa adresu wydawniczego [ , ]
    • a
    • Miejsce wydania (P)
    • Warszawa :
    • b
    • Nazwa wydawcy (P)
    • Nasza Księgarnia,
    • c
    • Data wydania (P)
    • 1933
    • e
    • Miejsce druku (NP)
    • (Warszawa :
    • f
    • Nazwa drukarni (P)
    • Zakł. Graf. "Nasza Drukarnia").
300 -Strefa opisu fizycznego [ , ]
    • a
    • Określenie formy książki i/lub objętość (NP)
    • 131, [1] s. ;
    • c
    • Format (NP)
    • 20 cm.
336 -Typ zawartości [ , ]
    • a
    • Termin opisujący typ zawartości
    • Tekst
    • b
    • Kod określający zawartość
    • txt
    • 2
    • Źródło (terminu i kodu)
    • rdacontent
337 -Typ mediów [ , ]
    • a
    • Tryb odtwarzania
    • Bez urządzenia pośredniczącego
    • b
    • Kod typu mediów
    • n
    • 2
    • Źródło (terminu i kodu)
    • rdamedia
338 -Typ/rodzaj nośnika [ , ]
    • a
    • Hasło opisujące typ nośnika
    • Wolumin
    • b
    • Kod typu nośnika
    • nc
    • 2
    • Źródło (terminu i kodu)
    • rdacarrier
530 -Uwaga dot. innej postaci fizycznej dokumentu [ , ]
    • a
    • Uwaga dot. innej postaci fizycznej dokumentu
    • Dostępne również w formie elektronicznej.
080 -Uniwersalna Klasyfikacja Dziesiętna [ , ]
    • a
    • Symbol klasyfikacji
    • 37.091.33-027.22
    • 2
    • Identyfikator wydania tablic
    • UDC-P058
    • 9
    • UKD
    • 3882
    • b
    • Dopowiedzenie
    • Wychowanie i nauczanie przez działania praktyczne. Prace techniczne. Roboty ręczne. Szkolne imprezy sportowe. Społeczna działalność uczniów. Szkolne kluby PCK. Zbiory (muzea, izby pamięci) szkolne. Współzawodnictwo międzyszkolne.
080 -Uniwersalna Klasyfikacja Dziesiętna [ , ]
    • a
    • Symbol klasyfikacji
    • 37.035
    • 2
    • Identyfikator wydania tablic
    • UDC-P058
    • 9
    • UKD
    • 3851
    • b
    • Dopowiedzenie
    • Wychowanie społeczne. Wychowanie dla demokracji. Wychowanie patriotyczne.
080 -Uniwersalna Klasyfikacja Dziesiętna [ , ]
    • a
    • Symbol klasyfikacji
    • 373.3
    • 2
    • Identyfikator wydania tablic
    • UDC-P058
    • 9
    • UKD
    • 3894
    • b
    • Dopowiedzenie
    • Szkolnictwo podstawowe.
650 -Hasło przedmiotowe [ ,7]
    • a
    • Hasło przedmiotowe
    • Edukacja zdrowotna (nauczanie w szkołach podstawowych)
    • z
    • Określnik geograficzny
    • Polska
    • y
    • Określnik chronologiczny
    • 1900-1945.
    • 2
    • Źródło terminu
    • kaba
    • 9
    • KHW
    • 391777
650 -Hasło przedmiotowe [ ,7]
    • a
    • Hasło przedmiotowe
    • Wychowanie dzieci
    • z
    • Określnik geograficzny
    • Polska
    • y
    • Określnik chronologiczny
    • 1900-1945.
    • 2
    • Źródło terminu
    • kaba
    • 9
    • KHW
    • 391776
980 -Symbol UKD [ , ]
    • a
    • UKD
    • 37.035:37.091.33-027.22:373.3
710 -Hasło dodatkowe - nazwa ciała zbiorowego [2, ]
    • a
    • Nazwa ciała zbiorowego lub nazwa geograficzna jako pierwszy element (NP)
    • "Nasza Księgarnia".
    • 4
    • Kod relacji
    • pbl
    • 9
    • KHW
    • 56421
856 -Dostęp do wersji elektronicznej [4,1]
Lokalizacja Data inwentaryzacji Status udost. Numer inwentarzowy
BG1997-12-021Pd.10398